| 000 | 00537nam a2200181Ia 4500 | ||
|---|---|---|---|
| 999 |
_c16622 _d16622 |
||
| 003 | OSt | ||
| 005 | 20200606115948.0 | ||
| 008 | 190216s9999||||xx |||||||||||||| ||und|| | ||
| 020 | _a9788188532404 | ||
| 040 | _cMESKC library | ||
| 082 |
_a891.433 _bRAM/V |
||
| 100 |
_aRamachandran, Shivani _9329 |
||
| 245 | 0 |
_aVishvprsiddh Kishor Upnyas / _cShivani Ramachandran |
|
| 260 |
_bShiva Prakashan Mandir, _c2009. _aDelhi: |
||
| 300 | _a248p | ||
| 650 | _aHindi | ||
| 942 |
_cBK _2ddc _h891.433 _iRAM/V _k891.433 _mRAM/V |
||